000 00336 a2200169 4500
001 191089
020 _a978-85-82400-26-5
040 _cMagnum
100 _aKrausz, Luis S.
240 1 0 _aDeserto
_lpor
245 1 0 _aDeserto
300 _a152
362 0 _a2013
440 1 _aBenvirá
697 _aLITERATURA GERAL
942 _cBK
999 _c191089
_d191089